000 00622nam a2200205Ia 4500
005 20250326144458.0
008 250326s9999 xx 000 0 und d
020 _a0-7432-7595-0
037 _aTextbook
040 _aFMSL
_beng
_cFMSL
041 _aeng
_2eng
084 _aX:89Q P5;2
_qFMSL
100 _aWomack J P
_9742708
245 0 _aLean solutions : how companies and customers can create value and wealth together
_cWomack J P; Jones D T
260 _aNY
_bNY, Simon & Schuster
_c2005
300 _a355p
365 _b971.39999999999998
942 _cTB
_hX:89Q P5;2
999 _c1303856
_d1303856